Un caso extraño /
Serie de novela negra que se desarrolla en un pueblo ficticio llamado Eastvale, situado en Yorkshire, Inglaterra, y que relata los casos de investigación que caen en las manos del inspector Alan Banks. Hasta la fecha, la serie cuenta con 28 volumenes, el primero publicado por primera vez en 1987 y e...
Furkejuvvon:
| Váldodahkki: | |
|---|---|
| Materiálatiipa: | Girji |
| Giella: | espánnjágiella |
| Almmustuhtton: |
Barcelona, España :
RBA,
2010, c2010
|
| Ráidu: | (Serie Negra RBA ;
67) |
| Fáttát: | |
| Fáddágilkorat: |
Eai fáddágilkorat, Lasit vuosttaš fáddágilkora!
|
MARC
| LEADER | 00000nam^a2200000^a^4500 | ||
|---|---|---|---|
| 001 | 000620275 | ||
| 005 | 20250902000000.0 | ||
| 009 | 20260310133836.251 | ||
| 020 | |a 978-84-9867-788-1 | ||
| 037 | |a Acervo ITESO - Biblioteca | ||
| 041 | |a ESP | ||
| 082 | |a 819. 13 |b ROB | ||
| 100 | |a Robinson, Peter |e (autor) | ||
| 240 | 1 | 1 | |a [Inspector Banks] |
| 245 | 1 | 3 | |a Un caso extraño / |c P. Robinson ; tr. por Claudio Molinari. |
| 264 | 4 | |a Barcelona, España : |b RBA, |c 2010, c2010 | |
| 300 | |a 399 p. | ||
| 336 | |a texto |b txt |2 rdacontenido | ||
| 337 | |a sin mediación |b n |2 rdamedio | ||
| 338 | |a volumen |b nc |2 rdasoporte | ||
| 440 | 1 | |a (Serie Negra RBA ; |v 67) | |
| 500 | |a Traducción de: Strange Affair | ||
| 520 | |a Serie de novela negra que se desarrolla en un pueblo ficticio llamado Eastvale, situado en Yorkshire, Inglaterra, y que relata los casos de investigación que caen en las manos del inspector Alan Banks. Hasta la fecha, la serie cuenta con 28 volumenes, el primero publicado por primera vez en 1987 y el último en 2023. | ||
| 649 | |a XX | ||
| 650 | |a Escritores Ingleses | ||
| 650 | |a Escritores Canadienses | ||
| 650 | |a Detectives en la Literatura | ||
| 650 | |a Novela Canadiense | ||
| 650 | |a Literatura Policíaca y de Misterio - |z Canadá | ||
| 650 | |a Literatura Canadiense - |y Siglo XXI | ||
| 650 | |a Yorkshire, Inglaterra en la Literatura | ||
| 910 | |a Fondo Castillo-Martínez | ||
| 920 | |a Impresos - Libros | ||
| 930 | |a Fondos Especiales | ||
| 940 | |a Literatura | ||
| 905 | |a 127 | ||
| 901 | |a 620459-10 |b IT2 |c ESP |i D129256 |u 20250902 | ||
| 902 | |a https://opac.biblio.iteso.mx/vufind/Record/000620275 | ||